000 00498nam a22001817a 4500
005 20230118120444.0
008 210218b ||||| |||| 00| 0 eng d
020 _a978-93-5129-597-6
041 _aeng
082 _a615.1
100 _aGALON, DAVID E.
_96357
245 _aPRINCIPLES OF PHARMACOLOGY :THE PATHOPHYSIOLOGY BASIC OF DRUG THERAPY
250 _a4TH, ED , 2017,
260 _aNEW DELHI
_bWOLTER KLUWER
_c2017
300 _a1020, p
650 _aPHARMACY
_xD.PHARMA
_97090
942 _cBK
999 _c7450
_d7448